000 00366nam a22001337a 4500
020 _a9780136250470
040 _cNust
082 _a513.5
_bMAT
100 _aJohn H. Mathews
_9126517
245 _aNumerical methods
_bFor mathematics, Science, and engineering
260 _aUSA:
_bPrentice Hall,
_c1992.
650 _aNumerical methods
_956168
942 _2ddc
_cBK
999 _c612184
_d612184